| 000 | 00865nam a2200253Ia 4500 | ||
|---|---|---|---|
| 003 | GCL | ||
| 008 | 140319s9999 xx 000 0 ara d | ||
| 020 | _a9111408977 | ||
| 040 |
_aGCL / _cGCL |
||
| 082 | 0 | 4 |
_a001.422 _bو ا |
| 100 | 1 | _aوزارة الثقافة | |
| 245 | 1 | 0 |
_aالاحصاءات الثقافية الكتاب السنوى (1991- 1993- 1995-1996-1999-2001 ) / _cوزارة الثقافة |
| 700 | 1 | _aادارة الاحصاء الثقافى | |
| 260 |
_aالقاهرة : _bوزارة الثقافة ، _c1991 |
||
| 300 |
_a255 ص ؛ _c24 سم |
||
| 490 | _a | ||
| 650 | 0 | 4 | _aوزارة الثقافة والاعلام |
| 650 | 0 | 4 | _aالاحصاء |
| 650 | 0 | 4 | _aالاحصاء التحليلى |
| 650 | 0 | 4 | _aالفنون |
| 650 | 0 | 4 | _aالاحصاء التطبيقى |
| 650 | 0 | 4 | _aالاحصاء الاجتماعى |
| 942 |
_2ddc _cBK |
||
| 999 |
_c30195 _d30195 |
||